Uncertain Times (Record no. 1672535)

MARC details
000 -LEADER
fixed length control field 00412 a2200169 4500
005 - DATE AND TIME OF LATEST TRANSACTION
control field 20260309153623.0
008 - FIXED-LENGTH DATA ELEMENTS--GENERAL INFORMATION
fixed length control field 260309b |||||||| |||| 00| 0 eng d
020 ## - INTERNATIONAL STANDARD BOOK NUMBER
International Standard Book Number 9781509558681
040 ## - CATALOGING SOURCE
Transcribing agency SDCL
041 ## - LANGUAGE CODE
Source of code eng
Language code of text/sound track or separate title eng
084 ## - COLON CLASSIFICATION NUMBER
Classification number V1:19'P R2
100 ## - MAIN ENTRY--PERSONAL NAME
Personal name Ranciere, Jacques
245 ## - TITLE STATEMENT
Title Uncertain Times
260 ## - PUBLICATION, DISTRIBUTION, ETC.
Place of publication, distribution, etc. Cambridge :
Name of publisher, distributor, etc. Polity Press,
Date of publication, distribution, etc. 2024.
300 ## - PHYSICAL DESCRIPTION
Extent xvi, 148p.
942 ## - ADDED ENTRY ELEMENTS (KOHA)
Koha item type Textual
Source of classification or shelving scheme Colon Classification (CC)
999 ## -
-- 1672535
-- 1672535
Holdings
Withdrawn status Lost status Source of classification or shelving scheme Damaged status Not for loan Home library Current library Date acquired Source of acquisition Cost, normal purchase price Inventory number Total checkouts Full call number Barcode Date last seen Cost, replacement price Price effective from Koha item type
    Colon Classification (CC)     South Campus Library South Campus Library 2025-12-16 32 1671.13 6995 & 16/12/2025   V1:19'P R2 SC1691787 2025-12-16 2071.47 2025-12-16 Textual
Copyright @ Delhi University Library System